Female Sci-Fi Characters Quiz Stats

 Plays Quiz Updated Jul 28, 2018

Also try: Fierce Females
Challenge
Share
Tweet
Score 0/20 Timer 05:00
21 Plays Today
Hint Answer % Correct
Princess Leia
96.8%
Jane Jetson
83.8%
Katniss Everdeen
83.1%
Dana Scully
81.3%
Eve
74.5%
Nyota Uhura
73.6%
Sarah Connor
72.3%
Jean Grey
60.2%
Ellen Ripley
58.8%
Turanga Leela
57.8%
Hint Answer % Correct
Trinity
53.8%
Barbarella
53.5%
Gamora
52.6%
Æon Flux
46.2%
April O'Neil
45%
Leeloo
43.9%
Kara Thrace
28.3%
Donna Noble
25.4%
Zoë Washburne
20.9%
Neytiri
17.7%

You're not logged in!

Compare scores with friends on all Sporcle quizzes.
Join for Free
OR
Log In

You Might Also Like...

Show Comments

Extras

Top Quizzes Today


Score Distribution

Your Account Isn't Verified!

In order to create a playlist on Sporcle, you need to verify the email address you used during registration. Go to your Sporcle Settings to finish the process.

Report this User

Report this user for behavior that violates our Community Guidelines.

Details: